000 00505nam a2200181Ia 4500
005 20250326125219.0
008 250326s9999 xx 000 0 und d
037 _aTextbook
040 _aFMSL
_beng
_cFMSL
041 _aeng
_2eng
084 _aX512:8 K9
_qFMSL
100 _aArmstrong F A
_9738669
245 0 _aModern sales manager's secret weapon
_cArmstrong F A
260 _aLondon
_bLondon, Business
_c1969
300 _a175p
942 _cTB
_hX512:8 K9
999 _c1277037
_d1277037